Greek Logo Quiz Level 6 - Statistics

General Stats
  • This quiz has been taken 25 times
  • The average score is 17 of 25
Answer Stats
Picture Hint Answer % Correct
K_a__ Kraft
100%
Nv_d__ Nvidia
100%
R__bok Reebok
100%
Τηλεοπτικό κανάλι για τα ζώα Animal Planet
75%
Γνωστή Ασφάλεια AXA
75%
Γνωστή Τεχνολογία Dell
75%
Βιομηχανία Κουζίνας General Electric
75%
H_rl__ D_v_ds__ Harley Davidson
75%
Τράπεζα με 4 γράμματα HSBC
75%
Τράπεζα με 3 γράμματα ING
75%
Louis… Louis Vuitton
75%
Ελληνικό Πλοίο Minoan Lines
75%
M__e__s Modenas
75%
Γνωστή Βιομηχανία Unilever
75%
ΚΑΛΛ__ΑΝΗΣ ΚΑΛΛΙΜΑΝΗΣ
50%
Σημείο αναφοράς στο καλό βιβλίο Σαββάλας
50%
Ραδιόφωνο στους 9,49 Ρυθμός
50%
Γνωστά Προϊόντα Μπάνιου Μέγα
50%
Κέντρο Εξυπηρέτησης Πολιτών ΚΕΠ
50%
Κ_να__ Κανάκι
50%
F_sh__ Pr_c_ Fisher Price
50%
Γνωστά Ελαστικά Good Year
50%
Γνωστό Βενζινάδικο Jetoil
50%
Γνωστή εταιρεία στηλών Parker
50%
Γνωστή Μουσική Rolling Stones
50%
No matching quizzes found
Score Distribution
Percent of People with Each Score
Percentile by Number Answered
Your Score History
You have not taken this quiz